000 00454 a2200109 4500
001 ART_18905
005 20260410161704.0
008 260409a
245 1 0 _aImpuestos internos. Ley Nº 24.674 y sus modificaciones. Bebidas alcoholicas. Bebidas analcoholicas, jarabes, extractos y concentrados. Ley Nº 3.764, t.o. en 1979 y sus modificaciones
100 1 _aBaldo, Alberto
773 0 _tRevista Impuestos
_g- Nº 3 (feb. 2010)
_wREV639
999 _c15444
_d15444